| 000 | 01191nam a22001937a 4500 | ||
|---|---|---|---|
| 003 | OSt | ||
| 008 | 220125b ||||| |||| 00| 0 eng d | ||
| 020 | _a9789380235608 | ||
| 082 |
_a631.3 _bSRI/TR |
||
| 100 |
_aSrinivasan, K _95149 |
||
| 245 | _aTractors and agricultural machinery | ||
| 260 |
_aNew Delhi _bNew India Publishing Agency _c2011 |
||
| 300 | _a210 | ||
| 505 | _aSection-1: Tractors Chapter 1: Introduction Chapter 2: Engine and associated systems Chapter 3: Transmission Chapter 4: Hydraulics Chapter 5: Instruments and controls Chapter 6: Electricals Section-2: Agricultural Machinery Chapter 1: Introduction Chapter 2: Land preparation Chapter 3: Sowing and planting equipments Chapter 4: Weeding and Intercultivation Chapter 5: Spraying equipments Chapter 6: Harvest Chapter 7: Threshing Chapter 8: Post harvest agro processing Chapter 9: Special tools and equipments for horticulturalcrops..... Chapter 10: Miscellaneous equipments and machineries Chapter 11: Water lifting devices Chapter 12: Calibration of seed drills Chapter 13: Maintenance | ||
| 700 |
_aNarayanan, V.V _95150 |
||
| 700 |
_aSanjeev Kumar Singh _95151 |
||
| 700 |
_aGethha Lakshmi _95152 |
||
| 942 | _cBK | ||
| 999 |
_c13688 _d13688 |
||